| 000 | 00000nas 2200000zi 4500 |
| 001 | 9.916240 |
| 003 | CaOODSP |
| 005 | 20250407144658 |
| 006 | m o d f |
| 007 | cr cn||||||||| |
| 008 | 221017c20119999onctr p o f0###a0eng|d |
| 040 | |aCaOODSP|beng|erda|cCaOODSP |
| 043 | |an-cn--- |
| 086 | 1 |aMR12-14E-PDF |
| 110 | 2 |aCanadian Institutes of Health Research.|eauthor,|eissuing body. |
| 245 | 10|aQuarterly financial report for the quarter ended ... |
| 264 | 1|aOttawa : |bCanadian Institutes of Health Research, |c[2011]- |
| 310 | |aThree times a year |
| 336 | |atext|btxt|2rdacontent |
| 337 | |acomputer|bc|2rdamedia |
| 338 | |aonline resource|bcr|2rdacarrier |
| 362 | 1 |aBegan with: June 30, 2011. |
| 500 | |aIssued also in French under title: Rapport financier trimestriel pour le trimestre terminé le ... |
| 500 | |aAlso available in HTML format. |
| 588 | |aDescription based on: June 30, 2011. |
| 588 | |aLatest issue consulted: June 30, 2021. |
| 775 | 08|tRapport financier trimestriel pour le trimestre terminé le ...|w(CaOODSP)9.916239 |
| 856 | 40|qHTML|sN/A|uhttps://cihr-irsc.gc.ca/e/44045.html |